000 01204nam a2200217Ia 4500
003 Ost
005 20260507075704.0
008 260507s9999||||xx |||||||||||||| ||und||
020 _a9789947781778
040 _cfsecg
041 _aara
082 _a339.47
100 _aشيخي، كمال
_eمؤلف
245 0 _aالتسويق والاستهلاك الغذائي في الجزائر :
_bالمفاهيم ،التوجهات وبعض النصائح /
_c كمال شيخي
260 _aالجزائر:
_bالنشر الجامعي الجديد,
_c2021
300 _a265 صفحة؛
_bإيضاحات ؛
_c24 سم
504 _aمراجع ص.265-280
520 _a-قطاع المواد الغذائية في الجزائر ،واقع وآفاق الفلاحة مع تطور قطاع الصناعة الغذائية وخدمات المطاعم والاكل السريع ،لذلك تسويق المواد الغذائية مفهومه ونسيير عرض المنتوج الغذائي مع التجارة الالكترونية للمواد الغذائية وبالتالي تطور المنتوج الغذائي في الأسواق ا
653 _aالأغذية- تسويق
942 _cكتاب
999 _c45861
_d45861